| 000 -LEADER |
| fixed length control field |
00801nam a22002297a 4500 |
| 003 - CONTROL NUMBER IDENTIFIER |
| control field |
OSt |
| 005 - DATE AND TIME OF LATEST TRANSACTION |
| control field |
20180503092804.0 |
| 008 - FIXED-LENGTH DATA ELEMENTS--GENERAL INFORMATION |
| fixed length control field |
180309b xxu||||| |||| 00| 0 spa d |
| 020 ## - INTERNATIONAL STANDARD BOOK NUMBER |
| International Standard Book Number |
8425906911 |
| 040 ## - CATALOGING SOURCE |
| Transcribing agency |
PJ |
| 100 ## - ASIENTO PRINCIPAL - NOMBRE DE PERSONA |
| 9 (RLIN) |
462 |
| Personal name |
Avineri, Shlomo |
| 245 10 - MENCIÓN DE TÍTULO |
| Título propiamente dicho |
El pensamiento social y político de Carlos Marx : |
| Mención de responsabilidad, etc |
Shlomo Avineri; Versión española, notas y bibliografía adicional de Esteban Pinilla de las Heras. |
| 260 ## - PUBLICATION, DISTRIBUTION, ETC. (IMPRINT) |
| Place of publication, distribution, etc |
Madrid : |
| Name of publisher, distributor, etc |
Centro de Estudios Constitucionales, |
| Date of publication, distribution, etc |
1983. |
| 300 ## - DESCRIPCION FISICA |
| Extent |
350 p. |
| Other physical details |
21 cm. |
| 490 ## - MENCION DE SERIE |
| Mención de Serie |
Estudios Políticos |
| Designación numérica/secuencial del volumen |
13 |
| 500 ## - NOTA GENERAL |
| General note |
Citas y notas bibliográficas a pie de página. |
| 504 ## - NOTA DE BIBLIOGRAFÍA, ETC. |
| Bibliography, etc |
Bibliografía: p. 345-350.<br/> |
| 600 #0 - SUBJECT ADDED ENTRY--PERSONAL NAME |
| 9 (RLIN) |
463 |
| Personal name |
MARX, KARL, 1818-1883 |
| 650 #0 - ASIENTO SECUNDARIO DE MATERIA - TERMINO TEMATICO |
| 9 (RLIN) |
348 |
| Topical term or geographic name as entry element |
CIENCIAS POLITICAS |
| 650 #0 - ASIENTO SECUNDARIO DE MATERIA - TERMINO TEMATICO |
| 9 (RLIN) |
394 |
| Topical term or geographic name as entry element |
DOCTRINAS POLITICAS |
| 942 ## - ADDED ENTRY ELEMENTS (KOHA) |
| Source of classification or shelving scheme |
|
| Koha item type |
Libros |